Physical examination & health assessment. / (Record no. 10468)

MARC details
000 -LEADER
fixed length control field 01660nam a22002057a 4500
003 - CONTROL NUMBER IDENTIFIER
control field OSt
005 - DATE AND TIME OF LATEST TRANSACTION
control field 20250311163203.0
008 - FIXED-LENGTH DATA ELEMENTS--GENERAL INFORMATION
fixed length control field 250311b ||||| |||| 00| 0 eng d
020 ## - INTERNATIONAL STANDARD BOOK NUMBER
International Standard Book Number 9781455728107
040 ## - CATALOGING SOURCE
Transcribing agency WIUC
050 ## - LIBRARY OF CONGRESS CALL NUMBER
Classification number RC76.J37
100 ## - MAIN ENTRY--PERSONAL NAME
Personal name Jarvis, Carolyn.
9 (RLIN) 459
245 ## - TITLE STATEMENT
Title Physical examination & health assessment. /
Statement of responsibility, etc. Jarvis, Carolyn.
250 ## - EDITION STATEMENT
Edition statement 7th ed.
260 ## - PUBLICATION, DISTRIBUTION, ETC.
Place of publication, distribution, etc. St. Louis, Missouri:
Name of publisher, distributor, etc. Elsevier,
Date of publication, distribution, etc. 2016.
300 ## - PHYSICAL DESCRIPTION
Extent xv, 874 p.:
504 ## - BIBLIOGRAPHY, ETC. NOTE
Bibliography, etc. note Includes bibliographical references and index
505 ## - FORMATTED CONTENTS NOTE
Formatted contents note Contents: Assessment of the whole person - Evidence-based assessment -- Cultural competence -- The interview -- The complete health history -- Mental status assessment -- Substance use assessment -- Domestic and family violence assessments-- Approaching to the clinical setting -- Assessment techniques and safety in the clinical setting -- General survey, measurement, vital signs -- Nutritional assessment -- Physical examination --skin, hair, and nails -- Head, face, and neck, including regional lymphatics -- Eyes -- Ears -- Nose, mouth, and throat -- Breasts and regional lymphatics -- Thorax and lungs -- Heart and neck vessels -- Peripheral vascular system and lymphatic system -- Abdomen -- Musculoskeletal system -- Neurologic system -- Male genitourinary system -- Anus, rectum, and prostate -- Female genitourinary system -- Integration: Putting it all together -- The complete health assessment:adult -- The complete physical assessment: infant, child, and adolescent -- Bedside assessment and electronic health recording -- The pregnant woman -- Functional assessment of the older adult --
942 ## - ADDED ENTRY ELEMENTS (KOHA)
Source of classification or shelving scheme Library of Congress Classification
Koha item type Books
Holdings
Withdrawn status Lost status Source of classification or shelving scheme Damaged status Not for loan Home library Current library Shelving location Date acquired Full call number Barcode Date last seen Copy number Price effective from Koha item type Total Checkouts
    Library of Congress Classification     WISCONSIN INTERNATIONAL UNIVERSITY COLLEGE, GHANA KUMASI LIBRARY WISCONSIN INTERNATIONAL UNIVERSITY COLLEGE, GHANA KUMASI LIBRARY nursing 05/03/2025 RC76.J37(7e) KSN/1552/001/25 11/03/2025 1 11/03/2025 Books  
    Library of Congress Classification     WISCONSIN INTERNATIONAL UNIVERSITY COLLEGE, GHANA KUMASI LIBRARY WISCONSIN INTERNATIONAL UNIVERSITY COLLEGE, GHANA KUMASI LIBRARY nursing 05/03/2025 RC76.J371(7e) KSN/1553/002/25 11/03/2025 2 11/03/2025 Books  
    Library of Congress Classification     WISCONSIN INTERNATIONAL UNIVERSITY COLLEGE, GHANA KUMASI LIBRARY WISCONSIN INTERNATIONAL UNIVERSITY COLLEGE, GHANA KUMASI LIBRARY nursing 05/03/2025 RC76.J372(7e) KSN/1554/003/25 19/09/2025 3 11/03/2025 Books  
    Library of Congress Classification     WISCONSIN INTERNATIONAL UNIVERSITY COLLEGE, GHANA KUMASI LIBRARY WISCONSIN INTERNATIONAL UNIVERSITY COLLEGE, GHANA KUMASI LIBRARY nursing 05/03/2025 RC76.J373(7e) KSN/1555/004/25 19/09/2025 4 11/03/2025 Books  

If you have any concerns or questions; kindly contact the library


© Powered by WIUC ICT DIRECTORATE